Дело об уплате денег купцу Епанечникову за купленный у него шотландский ковер

Доступно только в Электронных читальных залах Найти на картеНа карте
RUSMARC
00004391nmc2a22000003x 450
0011776c93d-ac8a-4725-991f-eec76e38de1f
00520181225003949.0
100##$a20170626l18451845k l0rusy0189 ca
1010#$arus
102##$aRU
2001#$aДело об уплате денег купцу Епанечникову за купленный у него шотландский ковер
$j8-15 октября 1845 г.
251##$cДело
300##$aПо Санкт-Петербургской дирекции за 1845 год
300##$aОриг. заголовок дела: Дело по предписанию господина директора с препровождением счёта купца Епанечникова о выдаче ему за купленный от него шотландский ковер 740 аршин всего 680 рублей 80 копеек серебром и о препровождении этой суммы для отдачи в Контору московских театров. 8 октября 1845 г. - 15 октября 1845 г
801#0$aRU
$bРГИА
$c20170626
$gRCR
801#1$aRU
$bГлавНИВЦ
$c20170626
$2rusmarc
801#2$aRU
$bПБ им. Б.Н. Ельцина
$c20181225
$gRCR
$2rusmarc
850##$aРГИА
852##$aРГИА
$eФедеральное казенное учреждение "Российский государственный исторический архив" (РГИА)
$j10502
937##$hРГИА
$d12244973
$aASBIBLIO_SCAN
462#0$1001dd3991dc-24e1-42ec-8838-ca4255420416
$12001
$a1746-1850 гг.
$1251
$cОпись
$1852
$j1
461#0$10019264ebf8-de62-4f1a-9eb4-9f22098dbbd5
$12001
$aДирекция императорских театров МИДв
$1251
$cФонд
$1852
$j497
215##$a5 л.
$d36,5х26 см
371##$aДокумент не является опубликованным и широко распространяемым
105##$ay###
1222#$ad
5171#$aДело по предписанию господина директора с препровождением счёта купца Епанечникова о выдаче ему за купленный от него шотландский ковер 740 аршин всего 680 рублей 80 копеек серебром и о препровождении этой суммы для отдачи в Контору московских театров. 8 октября 1845 г. - 15 октября 1845 г
035##$a1776c93d-ac8a-4725-991f-eec76e38de1f
856##$uhttp://readingroom.main.prlib.ru/item.aspx?id_node=n122303041&mode=full
Формат отображения